000 00540nam a2200193Ia 4500
008 151121s9999||||xx |||||||||||||| ||und||
082 _a823 /Pan
082 _bHNW-66611
100 _aPanikkar K। M।
245 4 _aThe Determining Period Of Indian History
260 _b"Bharatiya Vidya Bhavan,"
260 _c--
300 _a68
600 _aPanikkar K। M।
630 _aThe Determining Period Of Indian History
700 _aPanikkar K। M।
730 _aThe Determining Period Of Indian History
942 _cBOOK
999 _c1248108
_d1248105